000 00448nam a2200133Ia 4500
008 151213s9999 xx 000 0 und d
245 _aএশ্টাবলিসমেন্ট ম্যানুয়াল- ১
250 _a১ম সং
260 _aঢাকা
_bসংস্থাপন মন্ত্রণালয়।
_c1996
300 _a4361 p.
650 _aBangla
650 _aম্যাণুয়াল।
999 _c2774
_d2774